000 00748 aa a2200205 4500
008 081020t xxu||||| |||| 00| 0 eng d
010 _aENG-84090
020 _a8176298999
020 _c500.00 (hb)
035 _aEN-67623
082 _a658.802
100 _aGajendra Singh
245 _aMarketing strategies od small and medium scale industry
_cby Gajendra Singh
260 _aNew Delhi
_bDeep and Deep Publications
260 _c2006
300 _axi,248p
_c22cm
500 _aIncludes bibliographical references and index
942 _2ddc
_cEN
_h658.802
_mGAJ
999 _c17057
_d17057